| 000 | 00568nam a2200217Ia 4500 | ||
|---|---|---|---|
| 003 | OSt | ||
| 005 | 20220928135634.0 | ||
| 006 | a|||||r|||| 00| 0 | ||
| 007 | ta | ||
| 008 | 220927b |||||||| |||| 00| 0 eng d | ||
| 024 | _a4246 | ||
| 037 | _cTextual | ||
| 040 |
_aSDCL _cSDCL _beng |
||
| 041 |
_2eng _aeng |
||
| 082 | _aO-,3M19:g(Y), M1 | ||
| 100 |
_aFisher Philip _9492379 |
||
| 245 | 0 |
_aMaking up society _b The novel of George Eliot |
|
| 260 | _c1981 | ||
| 942 |
_hO-,3M19:g(Y), M1 _cTEXL _2CC |
||
| 999 |
_c807944 _d807944 |
||